| 000 | 00887nam a22002415a 4500 | ||
|---|---|---|---|
| 003 | OSt | ||
| 005 | 20170313105235.0 | ||
| 008 | 160922s2013 ua frb 000 0 ara d | ||
| 015 | _22013 / 11617 | ||
| 020 | _a9789770443344 | ||
| 040 |
_aEG-ScBUE _bara _cEG-ScBUE _dEG-ScBUE |
||
| 043 | _af-ua--- | ||
| 082 | 0 | 4 |
_a346.620668 _bت و ك _222 |
| 100 | 1 | _aتوكل، فادي محمد عماد الدين. | |
| 245 | 1 | 2 |
_aالرقابة الخارجية لحماية المساهمين في شركات المساهمة / _cفادي توكل. |
| 260 |
_aالقاهرة : _bدار النهضه العربية، _c2013. |
||
| 300 |
_a330 ص. ؛ _c24 سم. |
||
| 504 | _aيشتمل على إرجاعات ببليوجرافية. | ||
| 650 | 7 |
_2BUEsh _aالشركات المساهمة _xقوانين وتشريعات _zمصر. |
|
| 651 | _2BUEsh | ||
| 653 |
_bLLAAWW _cMarch2017 |
||
| 942 | _2ddc | ||
| 999 |
_c24400 _d24372 |
||